00415nam a2200145Ia 4500003000400000005001700004008004100021040000900062082002100071100002900092245007800121260004600199300000800245650001600253OSt20200205152653.0190216s9999||||xx |||||||||||||| ||und|| coclc a342.55023bIRA/C aIslamic Republic Of Iran 0aConstitution Of The Islamic Republic Of Iran /c Islamic Republic Of Iran bThe Hamdami Publications,c1997.aBombay: a80p xIslamic Law